Kommentar zur Predigt von Stefan Stiegler
| Main Author: | |
|---|---|
| Format: | Print Article |
| Language: | German |
| Check availability: | HBZ Gateway |
| Interlibrary Loan: | Interlibrary Loan for the Fachinformationsdienste (Specialized Information Services in Germany) |
| Published: |
2010
|
| In: |
Theologisches Gespräch
Year: 2010, Volume: 34, Issue: 3, Pages: 142-146 |
| Standardized Subjects / Keyword chains: | B
Stiegler, Stefan 1954-
/ Bible. Matthäusevangelium 21,1-17
/ Sermon
|
| IxTheo Classification: | HC New Testament RE Homiletics |
| Further subjects: | B
Bible. Matthäusevangelium 21,1-17
B Sermon |
| Parallel Edition: | Electronic
|
MARC
| LEADER | 00000caa a22000002c 4500 | ||
|---|---|---|---|
| 001 | 1646972619 | ||
| 003 | DE-627 | ||
| 005 | 20250515124214.0 | ||
| 007 | tu | ||
| 008 | 160405s2010 xx ||||| 00| ||ger c | ||
| 035 | |a (DE-627)1646972619 | ||
| 035 | |a (DE-576)467642540 | ||
| 035 | |a (DE-599)BSZ467642540 | ||
| 040 | |a DE-627 |b ger |c DE-627 |e rakwb | ||
| 041 | |a ger | ||
| 084 | |a 1 |2 ssgn | ||
| 100 | 1 | |e VerfasserIn |0 (DE-588)124305164 |0 (DE-627)085774219 |0 (DE-576)294111182 |4 aut |a Vach, Udo |d 1950- | |
| 109 | |a Vach, Udo 1950- | ||
| 245 | 1 | 0 | |a Kommentar zur Predigt von Stefan Stiegler |
| 264 | 1 | |c 2010 | |
| 336 | |a Text |b txt |2 rdacontent | ||
| 337 | |a ohne Hilfsmittel zu benutzen |b n |2 rdamedia | ||
| 338 | |a Band |b nc |2 rdacarrier | ||
| 601 | |a Kommentar | ||
| 630 | 0 | 7 | |0 (DE-588)4614059-1 |0 (DE-627)326382305 |0 (DE-576)214147614 |a Bibel |p Matthäusevangelium |n 21,1-17 |2 gnd |
| 650 | 0 | 7 | |0 (DE-588)4047089-1 |0 (DE-627)106195794 |0 (DE-576)209072172 |a Predigt |2 gnd |
| 652 | |a HC:RE | ||
| 689 | 0 | 0 | |d p |0 (DE-588)111825814 |0 (DE-627)519013514 |0 (DE-576)168423987 |2 gnd |a Stiegler, Stefan |d 1954- |
| 689 | 0 | 1 | |d u |0 (DE-588)4614059-1 |0 (DE-627)326382305 |0 (DE-576)214147614 |a Bibel |2 gnd |p Matthäusevangelium |n 21,1-17 |
| 689 | 0 | 2 | |d s |0 (DE-588)4047089-1 |0 (DE-627)106195794 |0 (DE-576)209072172 |2 gnd |a Predigt |
| 689 | 0 | |5 (DE-627) | |
| 773 | 0 | 8 | |i In |t Theologisches Gespräch |d Stuttgart : Oncken Verlag/Blessings 4 you GmbH, 1977 |g 34(2010), 3, Seite 142-146 |w (DE-627)166768340 |w (DE-600)303672-8 |w (DE-576)015208249 |x 1431-200X |7 nnas |
| 773 | 1 | 8 | |g volume:34 |g year:2010 |g number:3 |g pages:142-146 |
| 776 | 0 | 8 | |i Reproduziert als |a Vach, Udo, 1950 - |t Kommentar zur Predigt von Stefan Stiegler |d 2010 |w (DE-627)192576544X |k Electronic |
| 787 | 0 | 8 | |i Bezugnahme auf |a Predigt über Matthäus 21,1-17 / Stefan Stiegler |
| 935 | |a mteo |a BIIN |a DTH5 | ||
| 951 | |a AR | ||
| BIB | |a 1 | ||
| BIR | |a 01021001_01021017 |b biblesearch | ||
| ELC | |b 1 | ||
| ITA | |a 1 |t 1 | ||
| LOK | |0 000 xxxxxcx a22 zn 4500 | ||
| LOK | |0 001 3321020513 | ||
| LOK | |0 003 DE-627 | ||
| LOK | |0 004 1646972619 | ||
| LOK | |0 005 20160405162809 | ||
| LOK | |0 008 160404||||||||||||||||ger||||||| | ||
| LOK | |0 040 |a DE-Tue135 |c DE-627 |d DE-Tue135 | ||
| LOK | |0 092 |o n | ||
| LOK | |0 852 |a DE-Tue135 | ||
| LOK | |0 852 1 |9 00 | ||
| LOK | |0 935 |a ixzs |a ixmi | ||
| LOK | |0 936ln |0 1442044136 |a HC | ||
| LOK | |0 936ln |0 1442053135 |a RE | ||
| LOK | |0 939 |a 04-04-16 |b l01 | ||
| LOK | |0 000 xxxxxcx a22 zn 4500 | ||
| LOK | |0 001 3321020521 | ||
| LOK | |0 003 DE-627 | ||
| LOK | |0 004 1646972619 | ||
| LOK | |0 005 20190311220609 | ||
| LOK | |0 008 190311||||||||||||||||ger||||||| | ||
| LOK | |0 035 |a (DE-Tue135-1)202387 | ||
| LOK | |0 040 |a DE-Tue135-1 |c DE-627 |d DE-Tue135-1 | ||
| LOK | |0 852 |a DE-Tue135-1 | ||
| LOK | |0 852 1 |c 21/ZA4201/34/VHU |m p |9 00 | ||
| LOK | |0 852 2 |b UB-Tü |9 00 | ||
| LOK | |0 935 |a iZSA | ||
| LOK | |0 936ln |0 1442044136 |a HC | ||
| LOK | |0 936ln |0 1442053135 |a RE | ||
| LOK | |0 938 |k p | ||
| LOK | |0 939 |a 11-03-19 |b l12 | ||
| ORI | |a SA-MARC-ixtheoa001.raw | ||
| STA | 0 | 0 | |a Sermon,Sermon |
| STB | 0 | 0 | |a Sermon,Sermon,Homélie,Prédication,Homélie,Prédication |
| STC | 0 | 0 | |a Predicación,Predicación,Homilía,Prédica,Homilía,Prédica,Homilía (Motivo),Prédica,Homilía,Prédica |
| STD | 0 | 0 | |a Omelia,Omelia |
| STE | 0 | 0 | |a 讲章,讲章,讲道,讲道 |
| STF | 0 | 0 | |a 講章,講章,講道,講道 |
| STG | 0 | 0 | |a Prédica,Prédica,Homilia,Pregação,Homilia,Pregação,Homilia (Motivo),Pregação,Homilia,Pregação |
| STH | 0 | 0 | |a Проповедь (мотив),Проповедь |
| STI | 0 | 0 | |a Κήρυγμα (μοτίβο),Κήρυγμα |
| SUB | |a BIB | ||
| SYE | 0 | 0 | |a Kanzelrede |
| SYG | 0 | 0 | |a Kanzelrede |